Business ethics : (Record no. 17519)
[ view plain ]
| 000 -LEADER | |
|---|---|
| fixed length control field | 00779cam a22002412 4500 |
| 001 - CONTROL NUMBER | |
| control field | 0000020969 |
| 003 - CONTROL NUMBER IDENTIFIER | |
| control field | OSt |
| 005 - DATE AND TIME OF LATEST TRANSACTION | |
| control field | 20190306114742.0 |
| 008 - FIXED-LENGTH DATA ELEMENTS--GENERAL INFORMATION | |
| fixed length control field | 120105s xx 000 0 eng d |
| 020 ## - INTERNATIONAL STANDARD BOOK NUMBER | |
| International Standard Book Number | 0198755968 : |
| 040 ## - CATALOGING SOURCE | |
| Original cataloging agency | KABU |
| Transcribing agency | KABU |
| 050 #0 - LIBRARY OF CONGRESS CALL NUMBER | |
| Classification number | HF5387 |
| Item number | .C73 2016 c. 1 |
| 100 1# - MAIN ENTRY--PERSONAL NAME | |
| Personal name | Crane, Andrew. |
| 245 10 - TITLE STATEMENT | |
| Title | Business ethics : |
| Remainder of title | managing corporate citizenship and sustainability in the age of globalization / |
| Statement of responsibility, etc. | Andrew Crane, Dirk Matten. |
| 250 ## - EDITION STATEMENT | |
| Edition statement | International ed. |
| 260 ## - PUBLICATION, DISTRIBUTION, ETC. (IMPRINT) | |
| Place of publication, distribution, etc. | Oxford : |
| Name of publisher, distributor, etc. | OUP, |
| Date of publication, distribution, etc. | 2016. |
| 300 ## - PHYSICAL DESCRIPTION | |
| Extent | xvi, 569 p. |
| 650 #0 - SUBJECT ADDED ENTRY--TOPICAL TERM | |
| Topical term or geographic name as entry element | Business ethics. |
| 700 1# - ADDED ENTRY--PERSONAL NAME | |
| Personal name | Matten, Dirk. |
| 908 ## - PUT COMMAND PARAMETER (RLIN) | |
| Put command parameter | 120105 |
| 942 ## - ADDED ENTRY ELEMENTS (KOHA) | |
| Source of classification or shelving scheme | Library of Congress Classification |
| Koha item type | General Collection |
| Classification part | HF5387 |
| Item part | .C73 2016 c. 1 |
| Withdrawn status | Lost status | Source of classification or shelving scheme | Not for loan | Home library | Current library | Date acquired | Cost, normal purchase price | Total Checkouts | Full call number | Barcode | Date last seen | Date last checked out | Copy number | Price effective from | Koha item type |
|---|---|---|---|---|---|---|---|---|---|---|---|---|---|---|---|
| Library of Congress Classification | Kabarak, Main Campus | Kabarak, Main Campus | 06/03/2019 | 7327.59 | 2 | HF5387 .C73 2016 c. 1 | 022957 | 26/07/2021 | 13/07/2021 | c. 1 | 06/03/2019 | General Collection |